| 000 | 00579nam a2200253Ia 4500 | ||
|---|---|---|---|
| 003 | OSt | ||
| 005 | 20220912145510.0 | ||
| 006 | a|||||r|||| 00| 0 | ||
| 007 | ta | ||
| 008 | 220909b |||||||| |||| 00| 0 eng d | ||
| 024 | _a68662 | ||
| 037 | _cTextual | ||
| 040 |
_aCSL _beng _cCSL |
||
| 041 | _aeng | ||
| 082 | _aI, J8 | ||
| 100 | _aLowson J M | ||
| 245 | 0 | _aTextbook of botany | |
| 260 | _c1958 | ||
| 300 |
_ap. _ccm. |
||
| 650 | _aBotany | ||
| 700 | _a Sahni Birbal | ||
| 942 |
_hI, J8 _cTEXL _2CC |
||
| 999 |
_c33150 _d33150 |
||